| 000 | 01192nam a2200313 a 4500 | ||
|---|---|---|---|
| 001 | ebr10089230 | ||
| 003 | CaPaEBR | ||
| 006 | m u | ||
| 007 | cr cn||||||||| | ||
| 008 | 040817s2004 dcua sb i000 0 eng | ||
| 010 | _z 2004112126 | ||
| 020 | _z193100384X | ||
| 040 |
_aCaPaEBR _cCaPaEBR |
||
| 035 | _a(OCoLC)70751677 | ||
| 043 | _anwjm--- | ||
| 050 | 1 | 4 |
_aHC154 _b.I57 2004eb |
| 110 | 2 | _aInter-American Development Bank. | |
| 245 | 1 | 0 |
_aRevitalizing the Jamaican economy _h[electronic resource] : _bpolicies for sustained growth. |
| 246 | 3 | 0 | _aJamaican economy |
| 260 |
_aWashington : _bInter-American Development Bank, _cc2004. |
||
| 300 |
_aix, 295 p. : _bill. |
||
| 504 | _aIncludes bibliographical references. | ||
| 533 |
_aElectronic reproduction. _bPalo Alto, Calif. : _cebrary, _d2013. _nAvailable via World Wide Web. _nAccess may be limited to ebrary affiliated libraries. |
||
| 651 | 0 |
_aJamaica _xEconomic policy. |
|
| 651 | 0 |
_aJamaica _xSocial policy. |
|
| 655 | 7 |
_aElectronic books. _2local |
|
| 710 | 2 | _aebrary, Inc. | |
| 856 | 4 | 0 |
_uhttp://site.ebrary.com/lib/rucke/Doc?id=10089230 _zAn electronic book accessible through the World Wide Web; click to view |
| 999 |
_c70137 _d70137 |
||